| 000 | 00369nam a2200157Ia 4500 | ||
|---|---|---|---|
| 008 | 210210b1914 xxu||||| |||| 00| 0 eng d | ||
| 041 | _aeng | ||
| 082 | _a515/143 | ||
| 100 | _aTHOMPSON (A W H) | ||
| 245 | _aPlane geometry | ||
| 260 |
_aCambridge _bAt the University Press _c1914 |
||
| 650 | _aPlane | ||
| 650 | _ageometry | ||
| 690 | _aGeometry | ||
| 906 | _a007707 | ||
| 999 |
_c140325 _d140325 |
||